| 000 | 00695nam a2200169Ia 4500 | ||
|---|---|---|---|
| 008 | 090711s9999 xx 000 0 und d | ||
| 082 | _b78781 | ||
| 100 | _aसहस्त्रबुद्धे य. शि. / राजुरकर सु. त्रि. | ||
| 245 | _aभूकंप | ||
| 260 |
_bकॉन्टीनेन्टल प्रकाशन _c1995 |
||
| 300 | _a111 | ||
| 600 | _aसहस्त्रबुद्धे य. शि. / राजुरकर सु. त्रि. | ||
| 630 | _aभूकंप | ||
| 700 | _aसहस्त्रबुद्धे य. शि. / राजुरकर सु. त्रि. | ||
| 730 | _aभूकंप | ||
| 942 | _cBOOK | ||
| 999 |
_c290726 _d290726 |
||